Estatísticas para Atores que ficaram conhecidos nos Morangos

Clique aqui para jogar o quiz

Estatísticas Gerais

  • Esse quiz foi jogado 42 vezes
  • A pontuação média é 10 de 48

Estatísticas das Respostas

HintResposta% Correto
17.Bárbara Lourenço
72%
15.Sara Matos
72%
6.Rita Pereira
68%
16.Lourenço Ortigão
64%
3.Pedro Teixeira
64%
5.Cláudia Vieira
56%
48.David Carreira
52%
4.Diana Chaves
52%
7.João Catarré
48%
8.Benedita Pereira
44%
24.Sara Prata
44%
14.Ana Guiomar
40%
12.Isaac Alfaiate
32%
21.Filipa Areosa
24%
42.Sara Barradas
24%
22.Carolina Loureiro
20%
32.Mariana Monteiro
20%
27.Ângelo Rodrigues
16%
10.Diogo Amaral
16%
26.Helena Costa
16%
25.Jéssica Athayde
16%
2.Tiago Aldeia
16%
33.Mariana Pacheco
12%
38.Sofia Ribeiro
12%
9.Dânia Neto
8%
40.Débora Monteiro
8%
23.Marta Melro
8%
49.Pedro Sousa
8%
20.Rodrigo Paganelli
8%
44.Ana Varelas
4%
45.Bruna Quintas
4%
36.Joana de Verona
4%
39.João Paulo Sousa
4%
30.Liliana Santos
4%
13.Marta Andrino
4%
41.Pedro Barroso
4%
37.Pedro Carvalho
4%
29.Teresa Tavares
4%
34.Vitória Guerra
4%
35.António Camelier
0%
46.Carla Vasconcelos
0%
43.Catarina Gouveia
0%
1.Diogo Valsasina
0%
47.Hélder Agapito
0%
28.João Batista
0%
19.João Mota
0%
31.Matilde Breyner
0%
11.Sofia Arruda
0%

Distribuição das Pontuações

Percentil de Números Respondidos

Porcentagem de Pessoas com Cada Pontuação

Sua Pontuação Histórica

Você não jogou esse quiz